| 000 | 00000nas 2200000za 4500 |
| 001 | 9.504850 |
| 003 | CaOODSP |
| 005 | 20200813121811 |
| 007 | cr ||||||||||| |
| 008 | 150406c2001||||xxc|| m o||||f| |0eng|d |
| 022 | |a1712-8102 |
| 040 | |aCaOODSP|beng |
| 043 | |an-cn--- |
| 086 | 1 |aCS71-0031E-PDF |
| 245 | 00|aImprovements to the Labour Force Survey (LFS) / |h[electronic resource]|c[Issued by the] Labour Statistics Division. |
| 260 | |aOttawa - Ontario : |bStatistics Canada |
| 310 | |aIrregular |
| 362 | 1 |aNo. 001 (2000)-- |
| 520 | 3 |aIntroduces and explains modifications made to the Labour Force Survey estimates. |
| 710 | 2 |aStatistics Canada. |
| 775 | 08|tAméliorations apportées à l'Enquête sur la population active (EPA) / |w(CaOODSP)9.501254 |